Normal view MARC view
  • Huasteco

Entry Materia

Number of records used in: 1

001 - NÚMERO DE CONTROL DEL REGISTRO

  • campo de control: 49557

003 - IDENTIFICADOR DE NUMERO DE CONTROL

  • campo de control: MX-MxUPN

005 - FECHA Y HORA DE LA ÚLTIMA TRANSACCIÓN

  • campo de control: 20231003133806.0

008 - DATOS DE LONGITUD FIJA

  • campo de control de longitud fija: 230707nn fnznnbaba a ana d

040 ## - FUENTE DE LA CATALOGACIÓN

  • Centro catalogador de origen: MX-MxUPN
  • Lengua de catalogación: spa

150 1# - ENCABEZAMIENTO - TEMÁTICO

  • Término de materia o nombre geográfico como elemento inicial: Huasteco
  • Subdivisión de materia general: Alfabeto

450 ## - VÉASE - MATERIA

  • Encabezamiento temático: Tének
  • Subdivisión temática general: Alfabeto

670 ## - FUENTE EN LA QUE SE LOCALIZARON DATOS

  • Cita de la fuente: Autoridades BGTQ, 7 julio 2023 :
  • Información localizada: (Tének -- Estudio y enseñanza (Elemental))

670 ## - FUENTE EN LA QUE SE LOCALIZARON DATOS

  • Cita de la fuente: Sistema de información cultural México, 7 julio 2023 :
  • Información localizada: Huasteco (Los hablantes de huasteco llaman a su lengua tének que en su propia lengua significa los que viven en el campo (con su lengua)).
  • Identificador Uniforme del Recurso: http://sic.gob.mx/ficha.php?table=inali_li&table_id=28

680 ## - NOTA GENERAL CON DESPLIEGUE PÚBLICO

  • Texto explicativo: Los hablantes de huasteco llaman a su lengua tének que en su propia lengua significa los que viven en el campo (con su lengua).

902 ## - CATALOGADOR

  • Catalogador: VíctorGodínez/070723